00504nam a22001817a 450000500170000001000150001702000120003203500140004403700090005808200110006724500570007824600060013526000550014127000340019630000280023065000260025865000380028420250127165124.0 aENG-143619 c2000.00 aEN-127151 bDBAD a932.37 aExploring the British Isles:bThe Magic of Cornwall/ b  aLondon bThe Reader's Digest Associations c[s.n.] bLondon a25, Berkeley square  a176p. :c28cm(Hb)bill. aYers books -- Digest  aWorld information -- Digest book